000 00433nam a22001577a 4500
003 MPLRDC
005 20220104114228.0
008 210129b ||||| |||| 00| 0 eng d
082 _a857.49 CXQ-5 v.1
100 _a曹雪芹
245 _a红楼梦连环画. 一: 黛玉葬花
_c尚文 改编
260 _a香港
_b海鸥出版公司
_c
300 _b
650 _a话本小说及章回--红楼梦
942 _cBK
_o857.49 CXQ-5 v.1
999 _c5839
_d5829